| 000 | 00470nam a2200181Ia 4500 | ||
|---|---|---|---|
| 008 | 170705s9999 xx 000 0 und d | ||
| 020 | _a9780590474832 | ||
| 245 | 4 | _aThe school yard mystery / | |
| 245 | _cElizabeth Levy ; illustrated by Denise Brunkus. | ||
| 260 | _aNew York : | ||
| 260 | _bScholastic, | ||
| 260 | _c1994 | ||
| 300 | _aunpaged : | ||
| 300 | _bcolor illustration ; | ||
| 300 | _c23cm. | ||
| 440 | _aScholastic reader level 4. | ||
| 500 | _a410 | ||
| 999 |
_c335710 _d335710 |
||